000 00428nam a2200169Ia 4500
008 230524s9999 xx 000 0 und d
020 _a8170083117
082 _a621.26
_bBAN
100 _aR.K.Bansal
245 2 _aA Text Book of Fluid Mechanics and Hydraulic Machines
250 _a9TH
260 _aNEW DELHI
_bLaxmi
_c2005
300 _aXXVI;1086
500 _aQuantity Number: 142
650 _aMechanics
942 _cBK
999 _c30570
_d30570